FDA and USDA Nutrition Labeling Guide : Decision Diagrams, Checklists, and Regulations /

Enregistré dans:
Détails bibliographiques
Auteur principal: Altman, Tracy A. (autor)
Format: Livre
Langue:anglais
Publié: Boca Ratón, EUA : CRC Press, 1998, c1998
Sujets:
Tags: Ajouter un tag
Pas de tags, Soyez le premier à ajouter un tag!

MARC

LEADER 00000nam^a2200000^a^4500
001 000184784
005 20250521000000.0
009 20260310102126.935
020 |a 1-56676-706-7 
037 |a Acervo ITESO - Biblioteca 
041 |a ING 
082 |a 344. 7304232  |b ALT 
100 |a Altman, Tracy A.  |e (autor) 
245 1 0 |a FDA and USDA Nutrition Labeling Guide :  |b Decision Diagrams, Checklists, and Regulations /  |c T.A. Altman. 
264 4 |a Boca Ratón, EUA :  |b CRC Press,  |c 1998, c1998 
300 |a 1 v. (varias paginaciones) 
336 |a texto  |b txt  |2 rdacontenido 
337 |a sin mediación  |b n  |2 rdamedio 
338 |a volumen  |b nc  |2 rdasoporte 
649 |a XX 
650 |a Etiquetas 
650 |a Tabla Nutricional -  |x Tema Principal 
650 |a Alimentos y Bebidas -  |x Composición 
650 |a Alimentos y Bebidas -  |z EUA -  |x Aspectos Jurídicos 
650 |a Control de Alimentos -  |z EUA -  |x Leyes y Reglamentos 
650 |a Normalización y Certificación 
650 |a Política Alimentaria -  |z EUA 
650 |a Nutrición -  |z EUA 
650 |a Salud Pública -  |z EUA -  |x Administración 
910 |a Fondo General 
920 |a Impresos - Libros 
930 |a Colección General 
905 |a 101 
901 |a 0500126111  |b IT1  |c ACC  |u 20250521 
902 |a https://opac.biblio.iteso.mx/vufind/Record/000184784